| 000 | 00639nam a22002057a 4500 | ||
|---|---|---|---|
| 999 |
_c159451 _d159451 |
||
| 005 | 20181218130447.0 | ||
| 010 | _aENG-124566 | ||
| 020 |
_a9789353163334 _c675.00 |
||
| 035 | _aEN-108098 | ||
| 037 | _bDBAD/PUB. | ||
| 082 | _a339 | ||
| 100 | _aDwivedi D.N. | ||
| 245 |
_aMacroeconomics: _cby D.N. Dwivedi _btheory and policy/ |
||
| 250 | _a5th ed. | ||
| 260 |
_bTata McGraw Hill _c2019 _aChennai |
||
| 270 |
_a444,/1, Sri Ekambara Naicker Industrial Estate, Alapakkam, Porur, _bChennai _e600116 |
||
| 300 |
_axx,740p. _c26cm(pbk) _bill. |
||
| 500 | _aIt includes glossary and index | ||
| 942 |
_2ddc _cEN _mDWI _h339 |
||